<?xml version="1.0" encoding="UTF-8"?>
<record
    xmlns:xsi="http://www.w3.org/2001/XMLSchema-instance"
    xsi:schemaLocation="http://www.loc.gov/MARC21/slim http://www.loc.gov/standards/marcxml/schema/MARC21slim.xsd"
    xmlns="http://www.loc.gov/MARC21/slim">

  <leader>00795cas a22002537a 4500</leader>
  <controlfield tag="005">20220329142037.0</controlfield>
  <controlfield tag="008">990416d1982    mx ar pernn   0 a0b1spa d</controlfield>
  <datafield tag="010" ind1=" " ind2=" ">
    <subfield code="a">77510</subfield>
  </datafield>
  <datafield tag="011" ind1=" " ind2=" ">
    <subfield code="a">78482</subfield>
  </datafield>
  <datafield tag="035" ind1=" " ind2=" ">
    <subfield code="a">88455</subfield>
  </datafield>
  <datafield tag="245" ind1="0" ind2="0">
    <subfield code="a">Germen</subfield>
    <subfield code="c">/por Sociedad Mexicana de Fitogen&#xE9;tica, A.C.</subfield>
  </datafield>
  <datafield tag="260" ind1="0" ind2=" ">
    <subfield code="a">Chapingo, M&#xE9;x. :</subfield>
    <subfield code="b">Sociedad Mexicana de Fitogen&#xE9;tica, A.C.,</subfield>
    <subfield code="c">1982-</subfield>
  </datafield>
  <datafield tag="300" ind1=" " ind2=" ">
    <subfield code="a">v.</subfield>
  </datafield>
  <datafield tag="310" ind1=" " ind2=" ">
    <subfield code="a">Anual</subfield>
  </datafield>
  <datafield tag="362" ind1="1" ind2=" ">
    <subfield code="a">v.11, 1995.</subfield>
  </datafield>
  <datafield tag="590" ind1=" " ind2=" ">
    <subfield code="a">BATCH-UPD</subfield>
    <subfield code="b">10</subfield>
    <subfield code="c">20130110</subfield>
    <subfield code="l">UCH01</subfield>
    <subfield code="h">0506</subfield>
  </datafield>
  <datafield tag="590" ind1=" " ind2=" ">
    <subfield code="a">BATCH-UPD</subfield>
    <subfield code="b">10</subfield>
    <subfield code="c">20130410</subfield>
    <subfield code="l">UCH01</subfield>
    <subfield code="h">0144</subfield>
  </datafield>
  <datafield tag="590" ind1=" " ind2=" ">
    <subfield code="a">BATCH-UPD</subfield>
    <subfield code="b">10</subfield>
    <subfield code="c">20130914</subfield>
    <subfield code="l">UCH01</subfield>
    <subfield code="h">1121</subfield>
  </datafield>
  <datafield tag="590" ind1=" " ind2=" ">
    <subfield code="a">CONVERSION</subfield>
    <subfield code="b">10</subfield>
    <subfield code="c">20130109</subfield>
    <subfield code="l">UCH01</subfield>
    <subfield code="h">1343</subfield>
  </datafield>
  <datafield tag="650" ind1="0" ind2="4">
    <subfield code="a">Cultivos</subfield>
    <subfield code="x">Publicaciones peri&#xF3;dicas.</subfield>
    <subfield code="9">30313</subfield>
  </datafield>
  <datafield tag="866" ind1=" " ind2=" ">
    <subfield code="a">n.1-11 (1982-1995)</subfield>
  </datafield>
  <datafield tag="901" ind1=" " ind2=" ">
    <subfield code="a">SE</subfield>
  </datafield>
  <datafield tag="905" ind1=" " ind2=" ">
    <subfield code="a">Marco A. Mendoza T.</subfield>
  </datafield>
  <datafield tag="999" ind1=" " ind2=" ">
    <subfield code="c">77510</subfield>
    <subfield code="d">77510</subfield>
  </datafield>
  <datafield tag="952" ind1=" " ind2=" ">
    <subfield code="0">0</subfield>
    <subfield code="1">0</subfield>
    <subfield code="2">local</subfield>
    <subfield code="4">0</subfield>
    <subfield code="5">1</subfield>
    <subfield code="7">0</subfield>
    <subfield code="8">PS</subfield>
    <subfield code="a">BC</subfield>
    <subfield code="b">BC</subfield>
    <subfield code="c">PB_PS</subfield>
    <subfield code="d">2025-11-28</subfield>
    <subfield code="h">A&#xF1;o I, No. 1 Marzo 1982</subfield>
    <subfield code="l">0</subfield>
    <subfield code="o">Revista</subfield>
    <subfield code="p">BC-H-00024664</subfield>
    <subfield code="r">2025-11-28 13:04:54</subfield>
    <subfield code="w">2025-11-28</subfield>
    <subfield code="y">ISSUE</subfield>
  </datafield>
  <datafield tag="952" ind1=" " ind2=" ">
    <subfield code="0">0</subfield>
    <subfield code="1">0</subfield>
    <subfield code="2">local</subfield>
    <subfield code="4">0</subfield>
    <subfield code="5">1</subfield>
    <subfield code="7">0</subfield>
    <subfield code="8">PS</subfield>
    <subfield code="a">BC</subfield>
    <subfield code="b">BC</subfield>
    <subfield code="c">PB_PS</subfield>
    <subfield code="d">2025-11-28</subfield>
    <subfield code="h">No. 5, A&#xF1;o 1986</subfield>
    <subfield code="l">0</subfield>
    <subfield code="o">Revista</subfield>
    <subfield code="p">BC-H-00024665</subfield>
    <subfield code="r">2025-11-28 13:09:08</subfield>
    <subfield code="w">2025-11-28</subfield>
    <subfield code="y">ISSUE</subfield>
  </datafield>
  <datafield tag="952" ind1=" " ind2=" ">
    <subfield code="0">0</subfield>
    <subfield code="1">0</subfield>
    <subfield code="2">local</subfield>
    <subfield code="4">0</subfield>
    <subfield code="5">1</subfield>
    <subfield code="7">0</subfield>
    <subfield code="8">PS</subfield>
    <subfield code="a">BC</subfield>
    <subfield code="b">BC</subfield>
    <subfield code="c">PB_PS</subfield>
    <subfield code="d">2025-11-28</subfield>
    <subfield code="h">No. 6, A&#xF1;o 1987</subfield>
    <subfield code="l">0</subfield>
    <subfield code="o">Revista</subfield>
    <subfield code="p">BC-H-00024666</subfield>
    <subfield code="r">2025-11-28 13:09:08</subfield>
    <subfield code="w">2025-11-28</subfield>
    <subfield code="y">ISSUE</subfield>
  </datafield>
  <datafield tag="952" ind1=" " ind2=" ">
    <subfield code="0">0</subfield>
    <subfield code="1">0</subfield>
    <subfield code="2">local</subfield>
    <subfield code="4">0</subfield>
    <subfield code="5">1</subfield>
    <subfield code="7">0</subfield>
    <subfield code="8">PS</subfield>
    <subfield code="a">BC</subfield>
    <subfield code="b">BC</subfield>
    <subfield code="c">PB_PS</subfield>
    <subfield code="d">2025-11-28</subfield>
    <subfield code="h">No. 7, A&#xF1;o 1988</subfield>
    <subfield code="l">0</subfield>
    <subfield code="o">Revista</subfield>
    <subfield code="p">BC-H-00024667</subfield>
    <subfield code="r">2025-11-28 13:09:08</subfield>
    <subfield code="w">2025-11-28</subfield>
    <subfield code="y">ISSUE</subfield>
  </datafield>
  <datafield tag="952" ind1=" " ind2=" ">
    <subfield code="0">0</subfield>
    <subfield code="1">0</subfield>
    <subfield code="2">local</subfield>
    <subfield code="4">0</subfield>
    <subfield code="5">1</subfield>
    <subfield code="7">0</subfield>
    <subfield code="8">PS</subfield>
    <subfield code="a">BC</subfield>
    <subfield code="b">BC</subfield>
    <subfield code="c">PB_PS</subfield>
    <subfield code="d">2025-11-28</subfield>
    <subfield code="h">No. 9, A&#xF1;o 1990</subfield>
    <subfield code="l">0</subfield>
    <subfield code="o">Revista</subfield>
    <subfield code="p">BC-H-00024668</subfield>
    <subfield code="r">2025-11-28 13:09:08</subfield>
    <subfield code="w">2025-11-28</subfield>
    <subfield code="y">ISSUE</subfield>
  </datafield>
  <datafield tag="952" ind1=" " ind2=" ">
    <subfield code="0">0</subfield>
    <subfield code="1">0</subfield>
    <subfield code="2">local</subfield>
    <subfield code="4">0</subfield>
    <subfield code="5">1</subfield>
    <subfield code="7">0</subfield>
    <subfield code="8">PS</subfield>
    <subfield code="a">BC</subfield>
    <subfield code="b">BC</subfield>
    <subfield code="c">PB_PS</subfield>
    <subfield code="d">2025-11-28</subfield>
    <subfield code="h">No. 11, A&#xF1;o 1995</subfield>
    <subfield code="l">0</subfield>
    <subfield code="o">Revista</subfield>
    <subfield code="p">BC-H-00024669</subfield>
    <subfield code="r">2025-11-28 13:09:08</subfield>
    <subfield code="w">2025-11-28</subfield>
    <subfield code="y">ISSUE</subfield>
  </datafield>
  <datafield tag="952" ind1=" " ind2=" ">
    <subfield code="0">0</subfield>
    <subfield code="1">0</subfield>
    <subfield code="2">local</subfield>
    <subfield code="4">0</subfield>
    <subfield code="5">1</subfield>
    <subfield code="7">0</subfield>
    <subfield code="8">PS</subfield>
    <subfield code="a">BC</subfield>
    <subfield code="b">BC</subfield>
    <subfield code="c">PB_PS</subfield>
    <subfield code="d">2025-12-01</subfield>
    <subfield code="h">No. 2, A&#xF1;o 2, Agosto 1984</subfield>
    <subfield code="l">0</subfield>
    <subfield code="o">Revista</subfield>
    <subfield code="p">BC-H-00024670</subfield>
    <subfield code="r">2025-12-01 08:52:46</subfield>
    <subfield code="w">2025-12-01</subfield>
    <subfield code="y">ISSUE</subfield>
  </datafield>
  <datafield tag="952" ind1=" " ind2=" ">
    <subfield code="0">0</subfield>
    <subfield code="1">0</subfield>
    <subfield code="2">local</subfield>
    <subfield code="4">0</subfield>
    <subfield code="5">1</subfield>
    <subfield code="7">0</subfield>
    <subfield code="8">PS</subfield>
    <subfield code="a">BC</subfield>
    <subfield code="b">BC</subfield>
    <subfield code="c">PB_PS</subfield>
    <subfield code="d">2025-12-01</subfield>
    <subfield code="h">No.3,  1985</subfield>
    <subfield code="l">0</subfield>
    <subfield code="o">Revista</subfield>
    <subfield code="p">BC-H-00024671</subfield>
    <subfield code="r">2025-12-01 08:52:46</subfield>
    <subfield code="w">2025-12-01</subfield>
    <subfield code="y">ISSUE</subfield>
  </datafield>
  <datafield tag="952" ind1=" " ind2=" ">
    <subfield code="0">0</subfield>
    <subfield code="1">0</subfield>
    <subfield code="2">local</subfield>
    <subfield code="4">0</subfield>
    <subfield code="5">1</subfield>
    <subfield code="7">0</subfield>
    <subfield code="8">PS</subfield>
    <subfield code="a">BC</subfield>
    <subfield code="b">BC</subfield>
    <subfield code="c">PB_PS</subfield>
    <subfield code="d">2025-12-01</subfield>
    <subfield code="h">No.4,  1986</subfield>
    <subfield code="l">0</subfield>
    <subfield code="o">Revista</subfield>
    <subfield code="p">BC-H-00024672</subfield>
    <subfield code="r">2025-12-01 08:52:46</subfield>
    <subfield code="w">2025-12-01</subfield>
    <subfield code="y">ISSUE</subfield>
  </datafield>
  <datafield tag="952" ind1=" " ind2=" ">
    <subfield code="0">0</subfield>
    <subfield code="1">0</subfield>
    <subfield code="2">local</subfield>
    <subfield code="4">0</subfield>
    <subfield code="5">1</subfield>
    <subfield code="7">0</subfield>
    <subfield code="8">PS</subfield>
    <subfield code="a">BC</subfield>
    <subfield code="b">BC</subfield>
    <subfield code="c">PB_PS</subfield>
    <subfield code="d">2025-12-01</subfield>
    <subfield code="h">No.8, 1989</subfield>
    <subfield code="l">0</subfield>
    <subfield code="o">Revista</subfield>
    <subfield code="p">BC-H-00024673</subfield>
    <subfield code="r">2025-12-01 08:52:46</subfield>
    <subfield code="w">2025-12-01</subfield>
    <subfield code="y">ISSUE</subfield>
  </datafield>
</record>
